Statistics for Administrative Counties of Ireland

Click here to take the quiz!

General Stats

  • This quiz has been taken 927 times
  • The average score is 19 of 31

Answers on the Map

Answers color-coded by a green-red scale on the quiz's map according to % correct below.
 

Answer Stats

ProvinceCounty% Correct
LeinsterDublin
99%
MunsterCork
94%
MunsterCork City
94%
ConnaughtGalway
83%
ConnaughtGalway City
83%
MunsterLimerick
81%
UlsterDonegal
74%
MunsterWaterford
74%
LeinsterWexford
68%
LeinsterKilkenny
67%
ConnaughtSligo
67%
ConnaughtMayo
66%
MunsterKerry
63%
LeinsterMeath
61%
MunsterClare
56%
MunsterTipperary
56%
LeinsterWestmeath
56%
LeinsterWicklow
53%
LeinsterKildare
52%
ConnaughtRoscommon
50%
LeinsterLouth
49%
LeinsterOffaly
49%
UlsterMonaghan
48%
UlsterCavan
47%
LeinsterLaois
47%
ConnaughtLeitrim
47%
LeinsterCarlow
46%
LeinsterLongford
45%
LeinsterSouth Dublin
44%
LeinsterDún Laoghaire–Rathdown
33%
LeinsterFingal
32%

Score Distribution

Percentile by Number Answered

Percent of People with Each Score

Your Score History

You have not taken this quiz